| 000 | 00891nam a22002657a 4500 | ||
|---|---|---|---|
| 001 | BR7703115 | ||
| 003 | BR-BrBNA | ||
| 005 | 20230928085310.0 | ||
| 007 | ta | ||
| 008 | 230509b bl.||||| |||| 00| 0 por d | ||
| 040 |
_aBR-BrBNA _bpor _cBiblioteca Nacional de Agricultura |
||
| 041 | _a(Por) | ||
| 072 |
_aE30 _b/G514 |
||
| 090 | _ E30 BR7703115 | ||
| 110 | 1 |
_aUnidade Regional de Supervisao Norte de Planejamento Agricola, Belem, PA (Brasil) _910410 |
|
| 245 | 1 |
_aDiagnostico basico e estudo de opcoes alternativas de desenvolvimento agricola para a regiao amazonica - metodologia [Brasil] _bVersao preliminar - Covenio MA/SUDAM |
|
| 260 | 3 |
_aBelem, PA (Brasil): _c1977. |
|
| 300 | _a101 p. | ||
| 500 | _a8 tables; 17 ref. | ||
| 650 | _aPlanejamento agricola | ||
| 650 | _aDesenvolvimento agricola | ||
| 650 | _aAmazonia | ||
| 909 |
_a202309 _bLucia _c55 _dLucia Elande |
||
| 942 | _cBK | ||
| 999 |
_c23737 _d23737 |
||